| 000 | 00720cam a2200181 4500 | ||
|---|---|---|---|
| 001 | WS121184 | ||
| 008 | 030331n 000 0 eng u | ||
| 035 | _a(Sirsi) u121825 | ||
| 110 |
_aVictoria and Albert Museum _94421 |
||
| 245 | _aNational Art Library | ||
| 520 | _aWeb site for this major reference library based at the Victoria and Albert Museum which deals witht eh history of art and design. Includes access to the catalgue, details of collections, subject guides and details of services. | ||
| 650 | _aLIBRARIES | ||
| 650 | _aMUSEUMS | ||
| 650 | _aARCHIVES | ||
| 690 |
_aArts and antiques _96217 |
||
| 856 | 4 | 0 |
_uhttps://www.nal.vam.ac.uk _zView the website free of charge at www.nal.vam.ac.uk... |
| 942 | _n0 | ||
| 999 |
_c120246 _d120246 |
||